Miami transformed : rebuilding America one neighborhood, one city at a time /

Bibliographic Details
Main Author: Diaz, Manny
Other Authors: Bloomberg, Michael
Format: eBook
Language:English
Published: Philadelphia : University of Pennsylvania Press, [2013]
Edition:1st ed.
Series:City in the twenty-first century book series.
Subjects:
Online Access:Connect to the full text of this electronic book

MARC

Tag First Indicator Second Indicator Subfields
LEADER 00000cam a22000004a 4500
001 in00003402675
005 20190405202634.0
006 m d
007 cr |||||||nn|n
008 120727s2013 pau o d eng d
010 |z  2012029839 
020 |a 9780812207637 
020 |a 0812207637 
020 |z 9780812244649 (hardcover : alk. paper) 
020 |z 0812244648 
035 |a (MdBmJHUP)muse9780812207637 
040 |a MdBmJHUP  |c MdBmJHUP  |d UtOrBLW 
043 |a n-us-fl 
050 0 0 |a F319.M6  |b D48 2013 
082 0 0 |a 975.9/381  |2 23 
100 1 |a Diaz, Manny. 
245 1 0 |a Miami transformed :  |b rebuilding America one neighborhood, one city at a time /  |c Manny Diaz ; foreword by Michael Bloomberg. 
250 |a 1st ed. 
264 1 |a Philadelphia :  |b University of Pennsylvania Press,  |c [2013] 
264 4 |c ©2013 
300 |a 1 online resource (192 pages) 
336 |a text  |b txt  |2 rdacontent 
337 |a computer  |b c  |2 rdamedia 
338 |a online resource  |b cr  |2 rdacarrier 
490 1 |a The city in the twenty-first century 
504 |a Includes bibliographical references and index. 
588 |a Description based on print version record. 
500 |a Electronic resource. 
600 1 0 |a Diaz, Manny. 
650 0 |a Cuban Americans  |z Florida  |z Miami  |v Biography. 
650 0 |a Mayors  |z Florida  |z Miami  |v Biography. 
651 0 |a Miami (Fla.)  |x Economic conditions  |y 21st century. 
651 0 |a Miami (Fla.)  |x Social conditions  |y 21st century. 
651 0 |a Miami (Fla.)  |x Politics and government  |y 21st century. 
655 7 |a Electronic books.  |2 local 
700 1 |a Bloomberg, Michael. 
830 0 |a City in the twenty-first century book series. 
856 4 0 |u http://proxy.library.tamu.edu/login?url=http://muse.jhu.edu/books/9780812207637/  |z Connect to the full text of this electronic book  |t 0 
999 |a MARS 
999 f f |s ae7e6e2f-934e-3065-893d-3903883859f7  |i 0c947f9f-eb1c-3e80-b3b2-6c183dfed739  |t 0 
952 f f |a Texas A&M University  |b College Station  |c Electronic Resources  |d Available Online  |t 0  |e F319.M6 D48 2013  |h Library of Congress classification 
998 f f |a F319.M6 D48 2013  |t 0  |l Available Online